|
|
|
|
| LEADER |
01278nam a2200325 a 4500 |
| 001 |
c000177088 |
| 003 |
CARM |
| 005 |
19910211000000.0 |
| 008 |
910212s1982 enk b 000 0 eng d |
| 019 |
1 |
|
|a 2474916
|5 LACONCORD2021
|
| 020 |
|
|
|a 0859541657
|
| 035 |
|
|
|a (OCoLC)10832518
|5 LACONCORD2021
|
| 040 |
|
|
|a AINT
|b eng
|c AINT
|
| 041 |
0 |
|
|a eng
|b engfrespa
|
| 082 |
0 |
4 |
|a 338.4766837
|2 20
|
| 100 |
1 |
|
|a Greenhalgh, P.
|
| 245 |
1 |
4 |
|a The production, marketing and utilisation of naval stores /
|c P. Greenhalgh.
|
| 260 |
|
|
|a London :
|b Tropical Products Institute,
|c 1982.
|
| 300 |
|
|
|a ix, 117 p. ;
|c 30 cm.
|
| 490 |
1 |
|
|a Report of the Tropical Products Institute,
|x 0144-9982 ;
|v G170.
|
| 500 |
|
|
|a "November 1982"
|
| 500 |
|
|
|a Text in English, summaries in English, French, Spanish.
|
| 504 |
|
|
|a Bibliography: p. 65-69.
|
| 650 |
|
0 |
|a Gums and resins
|x Economic aspects.
|
| 650 |
|
0 |
|a Gums and resins industry.
|
| 710 |
2 |
|
|a Tropical Products Institute (Great Britain)
|
| 830 |
|
0 |
|a Report of the Tropical Products Institute ;
|v G170.
|
| 852 |
8 |
|
|b CARM
|h A3:AF33D0
|i D07364
|p 0239672
|f BK
|
| 999 |
f |
f |
|i e6db3300-1b71-53f8-9320-f8ea7783d317
|s e51b7714-b26b-5b81-b538-4226cb828a10
|
| 952 |
f |
f |
|p Can circulate
|a CAVAL
|b CAVAL
|c CAVAL
|d CARM 1 Store
|e D07364
|f A3:AF33D0
|h Other scheme
|i book
|m 0239672
|